Apuntes de derecho romano: de las personas

Saved in:
Bibliografiske detaljer
Hovedforfatter: Errázuriz Echaurren, Maximiano (Author)
Format: Bog
Sprog:spansk
Udgivet: Santiago Jurídica de Chile 1983
Udgivelse:3a. ed
Fag:
Tags: Tilføj Tag
Ingen Tags, Vær først til at tagge denne postø!

MARC

LEADER 00000nam a2200000 a 4500
001 UCT6070
003 CL-VaPUC
008 961230e19830000CL |||||||||||||||||spa|d
082 0 4 |a 340.54  |b ERR  |2 21 
100 0 |a Errázuriz Echaurren, Maximiano  |e author  |9 375818 
245 1 0 |a Apuntes de derecho romano: de las personas 
250 |a 3a. ed 
300 |a 120 p 
942 |c BK 
945 |d 19961230 00:00:00  |a rleighto 
260 |a Santiago  |b Jurídica de Chile  |c 1983 
650 0 |a Derecho romano  |9 255930 
650 0 |a Ciudadanía  |9 258339 
650 0 |a Familias   |9 255641 
650 7 |a MATRIMONIO  |2 CL-VaPUC  |9 375819 
650 0 |a Tutela  |9 259125 
650 0 |a Personas jurídicas  |9 257259 
583 |a last modification  |c 19961230 00:00:00  |k Rodrigo Vera 
999 |c 254803  |d 254801 
952 |0 0  |1 0  |4 0  |6 340_540000000000000_ERR_1983  |7 0  |8 A  |9 276689  |a BIBDER  |b BIBDER  |d 2019-11-19  |i 3265781  |o 340.54 ERR 1983  |p 3265781  |r 2023-01-25  |w 2019-11-19  |y BK  |k DER